A practical guide to managing information security / (Record no. 176037)
[ view plain ]
| 000 -LEADER | |
|---|---|
| fixed length control field | 01001 a2200205 4500 |
| 003 - CONTROL NUMBER IDENTIFIER | |
| control field | Nust |
| 005 - DATE AND TIME OF LATEST TRANSACTION | |
| control field | 20221010114349.0 |
| 010 ## - LIBRARY OF CONGRESS CONTROL NUMBER | |
| LC control number | 2004041025 |
| 020 ## - INTERNATIONAL STANDARD BOOK NUMBER | |
| International Standard Book Number | 1580537022 (alk. paper) |
| 040 ## - CATALOGING SOURCE | |
| Transcribing agency | Nust |
| 082 00 - DEWEY DECIMAL CLASSIFICATION NUMBER | |
| Classification number | 658.478,PUR |
| 100 1# - MAIN ENTRY--PERSONAL NAME | |
| Personal name | Purser, Steve. |
| 9 (RLIN) | 99638 |
| 245 12 - TITLE STATEMENT | |
| Title | A practical guide to managing information security / |
| Statement of responsibility, etc. | Steve Purser. |
| 260 ## - PUBLICATION, DISTRIBUTION, ETC. | |
| Place of publication, distribution, etc. | Boston, MA : |
| Name of publisher, distributor, etc. | Artech House, |
| Date of publication, distribution, etc. | 2004. |
| 300 ## - PHYSICAL DESCRIPTION | |
| Extent | xvii, 259 p. : |
| Other physical details | ill. ; |
| Dimensions | 26 cm. |
| 440 #0 - SERIES STATEMENT/ADDED ENTRY--TITLE | |
| Title | Artech House technology management and professional development library |
| 9 (RLIN) | 99639 |
| 505 ## - FORMATTED CONTENTS NOTE | |
| Formatted contents note | The Need for a Proactive Approach (Page-1), Management Techniques (Page-23), Technical Tools (Page-47), A Proactive Approach: Overview (Page-85), The Information-Security Strategy (Page-109), Policy and Standards (Page-131), Processes Design and Implementation (Page-155), Building an IT Security Architecture (Page-181), Creating a Security-Minded Culture (Page-215). |
| 650 #0 - SUBJECT ADDED ENTRY--TOPICAL TERM | |
| Topical term or geographic name entry element | Computer security |
| General subdivision | Management. |
| 9 (RLIN) | 99387 |
| 942 ## - ADDED ENTRY ELEMENTS (KOHA) | |
| Koha item type | Reference |
| Source of classification or shelving scheme | |
| Withdrawn status | Lost status | Source of classification or shelving scheme | Damaged status | Not for loan | Permanent Location | Current Location | Shelving location | Date acquired | Full call number | Barcode | Date last seen | Price effective from | Koha item type | Public note |
|---|---|---|---|---|---|---|---|---|---|---|---|---|---|---|
| Military College of Signals (MCS) | Military College of Signals (MCS) | Reference | 12/12/2016 | 658.478,PUR | MCS31040 | 12/08/2016 | 12/12/2016 | Reference | Almirah No.24, Shelf No.5 |
